000 00442nam a22001817a 4500
003 MPLRDC
005 20220104114009.0
008 210129b ||||| |||| 00| 0 eng d
082 _a830.8 DYWK v.21
100 _a黄思骋
245 _a我的足迹
_c
250 _a初版
260 _a
_b林白出版社有限公司
_c1985
300 _b
490 _a岛屿文库. 21
650 _a中国文学总集
942 _cBK
_o830.8 DYWK v.21
999 _c4008
_d3998